ever after high - Statistiques

Statistiques générales
  • Ce quiz a été pris 114 fois
  • Le résultat moyen est 10 sur 15
Statistiques - réponses
Hint Réponse % Correct
fille de la méchante reine raven
99%
fille de blanche neige appel
96%
fille de cupidon ca cupid
88%
fille de la belle au bois dormant briar
79%
fille du chapelier fou madeline
79%
fille de la reine de coeur lizzie
71%
fille de boucle d'or blondie
66%
fille du chaperon rouge cerise
66%
fille du chat de cheshire kitty
66%
fille du lapin blanc bunny
65%
fille de pinocchio ceddar
56%
filles de raiponce holly et poppy
53%
fille de cendrillon ashlynn
49%
fille de maléfique faybell
31%
fille de la petite sirène meeshel
23%
Aucun quiz correspondant
Distribution des résultats
% des personnes avec chaque résultat
Percentile par nombre de réponses
Votre historique - résultats
Vous n’avez pas pris ce quiz